|
|
|
|
| LEADER |
01222nam a22002777a 4500 |
| 001 |
40440 |
| 003 |
BD-DhAAL |
| 005 |
20230223114031.0 |
| 008 |
230223r20172017bg ||||| |||| 00| 0 ben d |
| 020 |
|
|
|a 9789849240303
|
| 040 |
|
|
|a BD-DhAAL
|
| 041 |
|
|
|a ben
|
| 082 |
|
|
|a 327
|2 23
|
| 100 |
|
|
|a চৌধুরী, সিরাজুল ইসলাম,
|d ১৯৩৬-
|9 47971
|
| 245 |
|
|
|a অবিরাম পথ খোঁজা /
|c সিরাজুল ইসলাম চৌধুরী
|
| 246 |
|
|
|a Obriam poth khonja
|
| 260 |
|
|
|a ঢাকা :
|b প্রথমা প্রকাশন,
|c ২০১৭ [দ্বিতীয় মুদ্রণ]
|
| 300 |
|
|
|a ২৩১ পৃষ্ঠা :
|c ২২ সে.মি.
|
| 541 |
|
|
|a Akbar Ali Khan Collections
|e 40440
|
| 650 |
|
|
|a Current events.
|9 53718
|
| 650 |
|
|
|a International relations.
|
| 650 |
|
|
|a Criticism, interpretation, etc
|9 51302
|
| 852 |
|
|
|a Ayesha Abed Library
|c Akbar Ali Khan Collection
|
| 942 |
|
|
|2 ddc
|c BK
|
| 999 |
|
|
|c 45520
|d 45520
|
| 952 |
|
|
|0 0
|1 0
|2 ddc
|4 0
|6 327_000000000000000_CHO
|7 1
|9 73282
|a BRACUL
|b BRACUL
|c AAKC
|d 2023-02-23
|e Donated by Akbar Ali Khan
|g 400.00
|l 0
|o 327 CHO
|p 3010040440
|r 2023-02-23
|t 1
|v 400.00
|w 2023-02-23
|y BK
|x Price available in book
|